000
00184 a2200097 4500
020
_a
9788498455694
041
_a
spa
100
_a
Anonimo
245
_a
Emilio esta enfermo
942
_c
BK
999
_c
15026
_d
15026